| 000 | 00498nam a2200121Ia 4500 | ||
|---|---|---|---|
| 008 | 160712s9999 xx 000 0 und d | ||
| 100 | _aZialcita, Jean Paul . | ||
| 245 |
_cJean Paul Zialcita _aMariano Ponce and the Philippine–American War: A View of the Man and His Deeds Through His Letters from Japan |
||
| 260 |
_c2011 _bSocial Science Diliman |
||
| 300 | _avol. 7 no. 2 | ||
| 650 | _xSOCIAL SCIENCE | ||
| 856 | _uhttp://journals.upd.edu.ph/index.php/socialsciencediliman/issue/view/309/showToc | ||
| 999 |
_c297659 _d297659 |
||